000 00590nam a2200229Ia 4500
003 OSt
005 20220923230641.0
006 a|||||r|||| 00| 0
007 ta
008 Pun
024 _a288,589
037 _cTextual
040 _aARTS
_cARTS
_bPun
041 _2Pun
_aPun
082 _aO153,3NNA2,1, J9
100 _aਆਜਾਦ ਲੀਅਰ
245 0 _aਕੇਡਿਆੋ ਦੇ ਹਾਣੀ
260 _c1959
650 _aਪੰਜਾਬੀ ਸਾਹਿਤ
942 _hO153,3NNA2,1, J9
_cTEXL
_2CC
999 _c386271
_d386271